000
00234nam a22000977a 4500
008
180803b xxu||||| |||| 00| 0 eng d
082
_a
813.52
245
_a
God's gonna trouble the water
_c
ETV
300
_a
1
_f
Cassette
942
_2
ddc
_c
MX
999
_c
46752
_d
46752